Visualizzazione normale
Vista MARC
- Yamarte Gustavo Ocando
di Personal Name
Records bibliografici associati: 1
001 - CONTROL NUMBER
- control field: 25644
003 - CONTROL NUMBER IDENTIFIER
- control field: IT-RoPau
005 - DATE AND TIME OF LATEST TRANSACTION
- control field: 20140518160800.0
008 - FIXED-LENGTH DATA ELEMENTS
- fixed length control field: 140518|| aca||aabn | a|a d
040 ## - CATALOGING SOURCE
- Original cataloging agency: IT-RoPau
- Transcribing agency: IT-RoPau
100 ## - HEADING--PERSONAL NAME
- Personal name: Yamarte Gustavo Ocando
- Miscellaneous information: Codice interprete SPICS: 27000
- Relator term: Interprete
670 ## - SOURCE DATA FOUND
- Source citation: Work cat.: (IT-RoPau)101087: Yamarte Gustavo Ocando 25640, Muere el sol